All the US States-15 second sprint - Statistics

General Stats
  • This quiz has been taken 17 times
  • The average score is 9 of 50
Answers on the Map
Answers color-coded by a green-red scale on the quiz's map according to % correct below.
 
Answer Stats
Answer % Correct
Idaho
73%
Iowa
64%
California
55%
Oregon
55%
Washington
55%
Montana
36%
Nevada
36%
Ohio
36%
Utah
36%
Alaska
27%
Maine
27%
Minnesota
27%
Missouri
27%
Texas
27%
Arizona
18%
Arkansas
18%
Colorado
18%
Hawaii
18%
Indiana
18%
Kansas
18%
Michigan
18%
Nebraska
18%
New York
18%
Oklahoma
18%
Alabama
9%
Kentucky
9%
Louisiana
9%
Mississippi
9%
New Hampshire
9%
New Jersey
9%
New Mexico
9%
North Dakota
9%
South Dakota
9%
West Virginia
9%
Wisconsin
9%
Wyoming
9%
Connecticut
0%
Delaware
0%
Florida
0%
Georgia
0%
Illinois
0%
Maryland
0%
Massachusetts
0%
North Carolina
0%
Pennsylvania
0%
Rhode Island
0%
South Carolina
0%
Tennessee
0%
Vermont
0%
Virginia
0%
No matching quizzes found
Score Distribution
Percent of People with Each Score
Percentile by Number Answered
Your Score History
You have not taken this quiz